Mark these men : (Record no. 6432)
[ view plain ]
| 000 -LEADER | |
|---|---|
| fixed length control field | 00562cam a22001691i 4500 |
| 001 - CONTROL NUMBER | |
| control field | 8897131 |
| 005 - DATE AND TIME OF LATEST TRANSACTION | |
| control field | 20250612134934.0 |
| 008 - FIXED-LENGTH DATA ELEMENTS--GENERAL INFORMATION | |
| fixed length control field | 780313s1960 miu 000 0 eng |
| 050 00 - LIBRARY OF CONGRESS CALL NUMBER | |
| Classification number | BS571.5 |
| Item number | .B3 |
| 100 1# - MAIN ENTRY--PERSONAL NAME | |
| Personal name | Baxter, J. Sidlow |
| Fuller form of name | (James Sidlow) |
| 245 10 - TITLE STATEMENT | |
| Title | Mark these men : |
| Remainder of title | practical studies in striking aspects of certain Bible characters / |
| Statement of responsibility, etc. | J. Sidlow Baxter. |
| 260 ## - PUBLICATION, DISTRIBUTION, ETC. | |
| Place of publication, distribution, etc. | Grand Rapids, Mich. : |
| Name of publisher, distributor, etc. | Zondervan Pub. House, |
| Date of publication, distribution, etc. | 1960. |
| 300 ## - PHYSICAL DESCRIPTION | |
| Extent | 192 p. ; |
| Dimensions | 23 cm. |
| 650 #0 - SUBJECT ADDED ENTRY--TOPICAL TERM | |
| Topical term or geographic name entry element | Baptists |
| General subdivision | Sermons. |
| 650 #0 - SUBJECT ADDED ENTRY--TOPICAL TERM | |
| Topical term or geographic name entry element | Sermons, English |
| Geographic subdivision | Scotland. |
| 942 ## - ADDED ENTRY ELEMENTS (KOHA) | |
| Source of classification or shelving scheme | Library of Congress Classification |
| Koha item type | Books |
| Suppress in OPAC | No |
| 999 ## - | |
| -- | 6432 |
| -- | 6432 |
| Withdrawn status | Lost status | Source of classification or shelving scheme | Damaged status | Not for loan | Collection | Home library | Current library | Shelving location | Date acquired | Total checkouts | Full call number | Barcode | Date last seen | Copy number | Price effective from | Koha item type |
|---|---|---|---|---|---|---|---|---|---|---|---|---|---|---|---|---|
| Library of Congress Classification | Non-fiction | Undergraduate Library (Christ Temple) | Undergraduate Library (Christ Temple) | General stacks | 06/12/2025 | BS571.5 BAX | ulct00003228 | 06/12/2025 | 1 | 06/12/2025 | Books |